| 000 | 00548nam a22001577a 4500 | ||
|---|---|---|---|
| 003 | OSt | ||
| 005 | 20151202155932.0 | ||
| 008 | 151202b xxu||||| |||| 00| 0 eng d | ||
| 040 | _cRUA | ||
| 082 | _aFIS KUL 2009 B181 Or.1 | ||
| 100 |
_94166 _aKUL, RAKSMEY. |
||
| 245 | _aNursing post-larvae of fresheather prawn (macrodrachium rosenbergii) in rice-fields, ការថែបំប៉នកូនបង្កងជាមយយដំណាំស្រូវ | ||
| 260 |
_aPhnom penh _bRUA _c2009 |
||
| 300 |
_axi, 32p. _bill. _c29cm. |
||
| 942 |
_2ddc _cFIS |
||
| 999 |
_c3880 _d3880 |
||